Normal view
MARC view
- العاني،مزهر
Entry Personal Name
001 - CONTROL NUMBER
- control field: 28405
003 - CONTROL NUMBER IDENTIFIER
- control field: JO-AjAnu
005 - DATE AND TIME OF LATEST TRANSACTION
- control field: 20230606074820.0
008 - FIXED-LENGTH DATA ELEMENTS
- fixed length control field: 230606|| aca||aabn | a|a d
040 ## - CATALOGING SOURCE
- Original cataloging agency: JO-AjAnu
- Transcribing agency: JO-AjAnu
100 ## - HEADING--PERSONAL NAME
- Personal name: العاني،مزهر
670 ## - SOURCE DATA FOUND
- Source citation: Work cat.: (JO-AjAnu)14582: العاني،مزهر, author, نظم المعلومات الادارية(منظور تكنولوجي)Management information systems(Technological Perspective)